Shashi Tharoor (Record no. 614)
[ view plain ]
| 000 -LEADER | |
|---|---|
| fixed length control field | 00790 a2200193 4500 |
| 008 - FIXED-LENGTH DATA ELEMENTS--GENERAL INFORMATION | |
| fixed length control field | 080820t xxu||||| |||| 00| 0 eng d |
| 010 ## - LIBRARY OF CONGRESS CONTROL NUMBER | |
| LC control number | ENG-84867 |
| 020 ## - INTERNATIONAL STANDARD BOOK NUMBER | |
| International Standard Book Number | 8180430405 |
| Terms of availability | 500.00 |
| 035 ## - SYSTEM CONTROL NUMBER | |
| System control number | EN-68400 |
| 082 ## - DEWEY DECIMAL CLASSIFICATION NUMBER | |
| Classification number | 880.8 |
| 100 ## - MAIN ENTRY--PERSONAL NAME | |
| Personal name | Patil, Geeta M. |
| 245 ## - TITLE STATEMENT | |
| Title | Shashi Tharoor |
| Remainder of title | his vision and art |
| Statement of responsibility, etc | by Geeta M. Patil, |
| 260 ## - PUBLICATION, DISTRIBUTION, ETC. (IMPRINT) | |
| Place of publication, distribution, etc | New Delhi |
| Name of publisher, distributor, etc | Creative Books |
| Date of publication, distribution, etc | 2007 |
| 270 ## - ADDRESS | |
| Address | CB-24, Naraina, |
| City | Delhi |
| State or province | Delhi |
| Postal code | 110028 |
| Fax number | 25775818 |
| Electronic mail address | creativebooks2004@yahoo.com |
| 300 ## - PHYSICAL DESCRIPTION | |
| Extent | xiv, 232 p. ; |
| Dimensions | 22 cm. (Hb) |
| 500 ## - GENERAL NOTE | |
| General note | Includes bibliographical references and index |
| 942 ## - ADDED ENTRY ELEMENTS (KOHA) | |
| Institution code [OBSOLETE] | dpl |
| Koha item type | English Books |
| Call number prefix | 880.8 / PAT |
| Source of classification or shelving scheme | Dewey Decimal Classification |
| Classification part | 880.8 |
| Call number suffix | PAT |
| Withdrawn status | Lost status | Damaged status | Not for loan | Home library | Current library | Date acquired | Cost, normal purchase price | Total Checkouts | Full call number | Barcode | Date last seen | Copy number | Uniform Resource Identifier | Cost, replacement price | Price effective from | Koha item type |
|---|---|---|---|---|---|---|---|---|---|---|---|---|---|---|---|---|
| D.B.Act.Division | D.B.Act.Division | 20/08/2008 | 500.00 | 880.8 PAT | EN-68400 | 15/09/2008 | 1 | 612 | 500.00 | 15/09/2008 | English Books |
